Statistiken für Japan nach Bild

Klicken Sie hier um das Quiz zu spielen!

Allgemein

  • Dieses Quiz wurde 751 mal gespielt
  • Das Durchschnittsergebnis liegt bei 11 aus 18

Antwortstatistiken

Answer % Korrekt
Sushi
96%
Sumo
96%
Origami
88%
Toyota
87%
Pokémon
84%
Fuji
83%
Samurai
79%
Kirschblüte
72%
Kimono
70%
Hokkaido
66%
Zen
55%
Kyoto
43%
Shinto
42%
Shinzō Abe
41%
Shinkansen
38%
Hirohito
33%
Schneeaffe
23%
Tokyo Skytree
18%

Verteilung der Resultate

Perzentil nach korrekt beantworteten Fragen

Anzahl Personen mit jedem Resultat

Ihre Resultats-Entwicklung

Sie haben dieses Quiz noch nicht gespielt